Quelle est (était) la taille de ces personnalités 12 - Statistiques

Statistiques générales
  • Ce quiz a été pris 13 fois
  • Le résultat moyen est 2 sur 20
Statistiques - réponses
Hint Réponse % Correct
Léo Ferré 1,71 m
25%
Laurent Delahousse 1,79 m
25%
Sophie Thalmann 1,81 m
25%
Martin Scorcese 1,60 m
17%
Marilou Berry 1,69 m
17%
Guillaume Gallienne 1,80 m
17%
Sigourney Weaver 1,82 m
17%
Liza Minelli 1,60 m
8%
Claudia Tagbo 1,72 m
8%
Cécile de France 1,73 m
8%
Franck Dubosc 1.75 m
8%
Nicolas Canteloup 1,80 m
8%
Joe Dassin 1,84 m
8%
Jean-Luc Lemoine 1,85 m
8%
Micheline Dax 1,65 m
0%
Roman Polanski 1,65 m
0%
Guy Marchand 1,76 m
0%
Richard Bohringer 1,77 m
0%
Patrick Swayze 1,78 m
0%
Orson Welles 1,85 m
0%
Aucun quiz correspondant
Distribution des résultats
% des personnes avec chaque résultat
Percentile par nombre de réponses
Votre historique - résultats
Vous n’avez pas pris ce quiz